The Coral Island /

Wedi'i Gadw mewn:
Manylion Llyfryddiaeth
Prif Awdur: Ballantyne, Robert Michael (autor)
Fformat: Llyfr
Iaith:Saesneg
Cyfres:(Priory Classics)
Pynciau:
Tagiau: Ychwanegu Tag
Dim Tagiau, Byddwch y cyntaf i dagio'r cofnod hwn!

MARC

LEADER 00000nam^a2200000^a^4500
001 000380938
005 20250521000000.0
009 20260310120629.684
020 |a 0-7105-0227-3 
037 |a Acervo ITESO - Biblioteca 
041 |a ING 
082 |a 808. 899282  |b PRI V. 1 
100 |a Ballantyne, Robert Michael  |e (autor) 
240 1 4 |a [La isla de coral] 
245 1 4 |a The Coral Island /  |c R.M. Ballantyne. 
264 |a Bridlington, Inglaterra :  |b Peter Haddock,  |c fecha no identificada 
300 |a 157 p. 
336 |a texto  |b txt  |2 rdacontenido 
337 |a sin mediación  |b n  |2 rdamedio 
338 |a volumen  |b nc  |2 rdasoporte 
440 1 |a (Priory Classics) 
545 0 |a Robert Michael Ballantyne (1825-1894) fue un escritor escocés de literatura infantil y juvenil caracterizado por la fuerza gráfica de sus descripciones e incluso por acompañar sus obras con imágenes que él mismo pintaba; sus personajes, sus tramas y temáticas fueron siempre rectos y morales; otra particularidad es que él escribía sobre lo que experimentaba en primera persona: sus viajes, sus empleos, etc. Sus novelas, que son más de un centenar, todas están ambientadas en lugares conocidos para él, entre ellas destaca La isla de coral (1858) que fue inspiración para El señor de las moscas (1954) de William Golding. Otras de sus obras son: The World of Ice (1859); Los cazadores de gorilas (1861); The Pirate City (1874) y The Settler and the Savage (1877). 
649 |a XX 
650 |a Novela Escocesa 
650 |a Novela de Aventuras -  |z Escocia 
650 |a Literatura Juvenil -  |z Escocia 
650 |a Literatura Escocesa -  |y Siglo XIX 
910 |a Fondo General 
920 |a Impresos - Libros 
930 |a Colección General 
940 |a Literatura 
905 |a 101 
901 |a 0500275942  |b IT1  |c LIT  |i D78414  |u 20250521 
902 |a https://opac.biblio.iteso.mx/vufind/Record/000380938